| 000 | 00679nam a2200241Ia 4500 | ||
|---|---|---|---|
| 003 | OSt | ||
| 005 | 20220925204953.0 | ||
| 006 | a|||||r|||| 00| 0 | ||
| 007 | ta | ||
| 008 | 220923b |||||||| |||| 00| 0 eng d | ||
| 020 | _a90 6193 593 8 | ||
| 037 | _cGeneral Book | ||
| 040 |
_aRTL _cRTL _beng |
||
| 041 |
_2eng _aeng |
||
| 082 | _aU214.467.N7, L9 | ||
| 100 |
_aThalen D C P _9269359 |
||
| 245 | 0 | _aEcology and utilization of desert shrub rangelands | |
| 260 |
_aHague _bW Junk _c1979 |
||
| 300 |
_aviii,448p. Bib p. 411-28 _ccm. |
||
| 650 | _aGeomorphology | ||
| 942 |
_hU214.467.N7, L9 _cGB _2CC |
||
| 999 |
_c550881 _d550881 |
||